Score 0/19 Timer 03:00
2 Plays Today
% Correct
Alaska
68.6%
Wisconsin
64.5%
Texas
62.5%
Rhode Island
60.1%
California
56.4%
Louisiana
55.1%
Indiana
52.3%
Kansas
50.2%
Florida
45.2%
Maine
44.9%
% Correct
Connecticut
40.1%
Washington
38.4%
Colorado
32%
North Carolina
30.4%
Massachusetts
27.8%
Ohio
25.9%
New York
24%
Pennsylvania
19.5%
Virginia
16.4%
Remove Ads.
Support Sporcle.
Get the best of Sporcle when you Go Orange. This ad-free experience offers more features, more stats, and more fun while also helping to support Sporcle. Thank you for becoming a member.

You're not logged in!

Compare scores with friends on all Sporcle quizzes.
OR
Log In

Show Comments

Extras

Top Quizzes Today


Score Distribution

Your Account Isn't Verified!

In order to create a playlist on Sporcle, you need to verify the email address you used during registration. Go to your Sporcle Settings to finish the process.

Report this User

Report this user for behavior that violates our Community Guidelines.

Details: